000 00826nas a2200301 4500
001 BR0602866
003 BR-BrBNA
005 20231205110106.0
007 ta
008 230509b bl.|||p| |||| 00| 00por d
040 _aBR-BrBNA
_bpor
_cBiblioteca Nacional de Agricultura
041 _a(Pt)
072 _aL73
100 1 _aOcarino, N.M.
100 1 _aSilva, A.E.
100 1 _aSerakides, R.
100 1 _aMelo, E.G.
100 1 _aFrança, S.A.
100 1 _aPaixão, T.A.
245 1 _aLinfoma ósseo em cão
650 _aCÃO
650 _aOSSO
650 _aLINFOMA
650 _aMICROSCOPIA
773 0 _tArquivo Brasileiro de Medicina Veterinária e Zootecnia (Brazil)
_xISSN 0102-0935
_g(Feb 2005), v. 57(1) p. 140-142
_wBR0602866
909 _a202311
_bLúcia
_c55
_dLúcia Elande
942 _2AGRIS
_n0
_cANA
999 _c186172
_d186172